| 000 | 00600nam a2200169Ia 4500 | ||
|---|---|---|---|
| 008 | 090201s9999 xx 000 0 und d | ||
| 010 | _aKPL-14384 | ||
| 040 | _bमराठी | ||
| 041 | _aमराठी | ||
| 082 |
_a3810 _b14384 |
||
| 100 | _aप्रफुल्ल दत्त | ||
| 245 |
_aनेहरू-एक छंद मुक्त चिंतन _cप्रफुल्ल दत्त |
||
| 260 |
_c1974 _bअभिनव प्रकाशन |
||
| 300 |
_a175 _bमोठा |
||
| 600 | _aनेहरू-एक छंद मुक्त चिंतन | ||
| 942 | _cBOOK | ||
| 999 |
_c204931 _d204931 |
||